[Event "HUN-chT2 Asztalos 1617"]
[Site "Hungary"]
[Date "2017.03.12"]
[Round "10.6"]
[White "Katona, Ferenc Jr"]
[Black "Galambos, Tivadar"]
[Result "1-0"]
[WhiteElo "1954"]
[BlackElo "1934"]
[PlyCount "59"]
[EventDate "2016.09.25"]
[EventType "team-tourn"]
[EventRounds "11"]
[EventCountry "HUN"]
[SourceTitle "EXT 2021"]
[Source "ChessBase"]
[SourceDate "2020.10.23"]
[SourceVersion "1"]
[SourceVersionDate "2020.10.23"]
[SourceQuality "1"]
[WhiteTeam "Kiraly Sakk"]
[BlackTeam "Kaposvar Bastya"]
[WhiteTeamCountry "HUN"]
[BlackTeamCountry "HUN"]

1. d4 g6 2. e3 Bg7 3. f4 d6 4. Nf3 a6 5. Bc4 b5 6. Bb3 Nf6 7. 0-0 0-0 8. Qe2 Bb7 9. Nbd2 c5 10. c3 a5 11. dxc5 dxc5 12. e4 Qb6 13. Kh1 c4 14. Bc2 Ng4 15. Nd4 e5 16. Nxb5 Ne3 17. Nxc4 Qxb5 18. Bxe3 exf4 19. Bxf4 Nd7 20. a4 Qa6 21. Rfe1 Qc6 22. Nd6 Ba6 23. Bd3 Ne5 24. Bxa6 Rxa6 25. Rad1 Rd8 26. Nf5 Rd7 27. Rxd7 Qxd7 28. Qxa6 Nd3 29. Qa8+ Bf8 30. Bh6 1-0

[Event "HUN-chT2 Asztalos 1617"]
[Site "Hungary"]
[Date "2017.02.26"]
[Round "9.6"]
[White "Mitric, Milutin"]
[Black "Katona, Ferenc Jr"]
[Result "1/2-1/2"]
[WhiteElo "1929"]
[BlackElo "1954"]
[PlyCount "20"]
[EventDate "2016.09.25"]
[EventType "team-tourn"]
[EventRounds "11"]
[EventCountry "HUN"]
[SourceTitle "EXT 2021"]
[Source "ChessBase"]
[SourceDate "2020.10.23"]
[SourceVersion "1"]
[SourceVersionDate "2020.10.23"]
[SourceQuality "1"]
[WhiteTeam "Pecs Karmin"]
[BlackTeam "Kiraly Sakk"]
[WhiteTeamCountry "HUN"]
[BlackTeamCountry "HUN"]

1. Nf3 d5 2. c4 e6 3. d4 f5 4. g3 Nf6 5. Nc3 c6 6. cxd5 exd5 7. Bf4 Bd6 8. Bxd6 Qxd6 9. e3 Nbd7 10. Bg2 0-0 1/2-1/2

[Event "HUN-chT2 Asztalos 1617"]
[Site "Hungary"]
[Date "2016.10.09"]
[Round "2.6"]
[White "Katona, Ferenc Jr"]
[Black "Szabo, Attila4444"]
[Result "1/2-1/2"]
[WhiteElo "1954"]
[BlackElo "1902"]
[PlyCount "29"]
[EventDate "2016.09.25"]
[EventType "team-tourn"]
[EventRounds "11"]
[EventCountry "HUN"]
[SourceTitle "EXT 2021"]
[Source "ChessBase"]
[SourceDate "2020.10.23"]
[SourceVersion "1"]
[SourceVersionDate "2020.10.23"]
[SourceQuality "1"]
[WhiteTeam "Kiraly Sakk"]
[BlackTeam "Szentlorinc"]
[WhiteTeamCountry "HUN"]
[BlackTeamCountry "HUN"]

1. d4 Nf6 2. e3 d5 3. f4 Bf5 4. Bd3 Bxd3 5. Qxd3 a6 6. Nd2 e6 7. Ngf3 Be7 8. 0-0 c5 9. Ne5 Nc6 10. c3 Qc7 11. a3 h6 12. b4 cxd4 13. cxd4 0-0 14. Nxc6 Qxc6 15. Bb2 1/2-1/2

[Event "HUN-chT2 Asztalos 1516"]
[Site "Hungary"]
[Date "2015.11.08"]
[Round "4.6"]
[White "Juhasz, Zoltan"]
[Black "Katona, Ferenc Jr"]
[Result "1/2-1/2"]
[WhiteElo "1929"]
[BlackElo "1937"]
[PlyCount "33"]
[EventDate "2015.09.13"]
[EventType "team-tourn"]
[EventRounds "11"]
[EventCountry "HUN"]
[SourceTitle "CBM 170 Extra"]
[Source "ChessBase"]
[SourceDate "2016.02.25"]
[SourceVersion "1"]
[SourceVersionDate "2016.02.25"]
[SourceQuality "1"]
[WhiteTeam "Szentlorinc"]
[BlackTeam "Kiraly Sakk"]
[WhiteTeamCountry "HUN"]
[BlackTeamCountry "HUN"]

1. e4 d5 2. exd5 Qxd5 3. Nc3 Qa5 4. d4 c6 5. Bd2 Nf6 6. Bd3 Bg4 7. f3 Bh5 8. Nge2 e6 9. Nf4 Qc7 10. Qe2 Bd6 11. Nxh5 Nxh5 12. 0-0-0 Bf4 13. g4 Bxd2+ 14. Rxd2 Nf4 15. Qe5 Qxe5 16. dxe5 Nd7 17. Re1 1/2-1/2

[Event "HUN-chT2 Asztalos 1516"]
[Site "Hungary"]
[Date "2015.10.18"]
[Round "3.6"]
[White "Pap, Bela"]
[Black "Katona, Ferenc Jr"]
[Result "0-1"]
[WhiteElo "1620"]
[BlackElo "1966"]
[PlyCount "66"]
[EventDate "2015.09.13"]
[EventType "team-tourn"]
[EventRounds "11"]
[EventCountry "HUN"]
[SourceTitle "CBM 170 Extra"]
[Source "ChessBase"]
[SourceDate "2016.02.25"]
[SourceVersion "1"]
[SourceVersionDate "2016.02.25"]
[SourceQuality "1"]
[WhiteTeam "Sarosd"]
[BlackTeam "Kiraly Sakk"]
[WhiteTeamCountry "HUN"]
[BlackTeamCountry "HUN"]

1. e4 d5 2. exd5 Qxd5 3. Nc3 Qa5 4. Nf3 Nf6 5. Qe2 c6 6. Qe5 Qb6 7. Bc4 Bg4 8. Ng5 e6 9. 0-0 Nbd7 10. Qf4 h6 11. Nge4 0-0-0 12. d3 g5 13. Qg3 Qc7 14. Be3 Bf5 15. a3 Bxe4 16. Nxe4 Nxe4 17. dxe4 Bd6 18. f4 Rhg8 19. Qf2 Bxf4 20. Bxf4 gxf4 21. Qxf4 Qxf4 22. Rxf4 Ne5 23. Bb3 Rd2 24. g3 c5 25. Raf1 c4 26. Ba4 a6 27. c3 Rgd8 28. R1f2 h5 29. Bc2 Ng4 30. Rxg4 hxg4 31. Bb1 Rxf2 32. Kxf2 Rd2+ 33. Ke3 Rxb2 0-1

[Event "HUN-chT2 Asztalos 1213"]
[Site "Hungary"]
[Date "2012.11.04"]
[Round "3.6"]
[White "Illes, Attila"]
[Black "Katona, Ferenc Jr"]
[Result "1/2-1/2"]
[WhiteElo "2020"]
[BlackElo "1934"]
[PlyCount "36"]
[EventDate "2012.09.16"]
[EventType "team-tourn"]
[EventRounds "9"]
[EventCountry "HUN"]
[SourceTitle "EXT 2014"]
[Source "ChessBase"]
[SourceDate "2013.11.20"]
[SourceVersion "1"]
[SourceVersionDate "2013.11.20"]
[SourceQuality "1"]
[WhiteTeam "Kaposvar Bastya"]
[BlackTeam "Dunaujvaros"]
[WhiteTeamCountry "HUN"]
[BlackTeamCountry "HUN"]

1. d4 d5 2. c4 e6 3. Nc3 f5 4. g3 Nf6 5. Bg2 c6 6. c5 Nbd7 7. Bf4 Be7 8. h4 Ne4 9. Qc2 Qa5 10. Nf3 Bf6 11. a3 Nxc3 12. b4 Qd8 13. Qxc3 a5 14. 0-0 h6 15. Bd6 Be7 16. Be5 Bf6 17. Bd6 Be7 18. Be5 Bf6 1/2-1/2

[Event "HUN-chT2 Asztalos 1213"]
[Site "Hungary"]
[Date "2012.09.16"]
[Round "1.5"]
[White "Katona, Ferenc Jr"]
[Black "Varga, Zsolt"]
[Result "1/2-1/2"]
[WhiteElo "1934"]
[BlackElo "2087"]
[PlyCount "21"]
[EventDate "2012.09.16"]
[EventType "team-tourn"]
[EventRounds "9"]
[EventCountry "HUN"]
[SourceTitle "EXT 2014"]
[Source "ChessBase"]
[SourceDate "2013.11.20"]
[SourceVersion "1"]
[SourceVersionDate "2013.11.20"]
[SourceQuality "1"]
[WhiteTeam "Dunaujvaros"]
[BlackTeam "Pecs Karmin"]
[WhiteTeamCountry "HUN"]
[BlackTeamCountry "HUN"]

1. d4 d5 2. e3 Nf6 3. f4 e6 4. Bd3 b6 5. Nf3 Bb7 6. 0-0 Be7 7. Ne5 Nbd7 8. Nd2 c5 9. c3 g6 10. Qf3 0-0 11. Kh1 1/2-1/2

[Event "HUN-chT2 Asztalos 1112"]
[Site "Hungary"]
[Date "2011.10.30"]
[Round "2.7"]
[White "Horvath, Janos"]
[Black "Katona, Ferenc Jr"]
[Result "1/2-1/2"]
[WhiteElo "2086"]
[BlackElo "2253"]
[PlyCount "46"]
[EventDate "2011.09.25"]
[EventType "team-tourn"]
[EventRounds "11"]
[EventCountry "HUN"]
[SourceTitle "EXT 2013"]
[Source "ChessBase"]
[SourceDate "2012.11.22"]
[SourceVersion "1"]
[SourceVersionDate "2012.11.22"]
[SourceQuality "1"]
[WhiteTeam "Kaposvar Bastya"]
[BlackTeam "Dunaujvaros"]
[WhiteTeamCountry "HUN"]
[BlackTeamCountry "HUN"]

1. e4 d5 2. exd5 Qxd5 3. d4 e5 4. Be3 exd4 5. Qxd4 Qxd4 6. Bxd4 Nc6 7. Bb5 Bd7 8. Nf3 0-0-0 9. Be3 f6 10. 0-0 Bd6 11. Nc3 Nge7 12. Ne4 Nf5 13. Nxd6+ Nxd6 14. Bxc6 Bxc6 15. Nd4 Be4 16. b3 Nf5 17. Nxf5 Bxf5 18. c4 a6 19. Rfc1 Rd7 20. b4 Rhd8 21. a4 Bc2 22. a5 Rd1+ 23. Rxd1 Rxd1+ 1/2-1/2

[Event "HUN-chT2 Asztalos 1011"]
[Site "Hungary"]
[Date "2010.11.21"]
[Round "6.7"]
[White "Katona, Ferenc Jr"]
[Black "Toth, Zsolt"]
[Result "1/2-1/2"]
[WhiteElo "1903"]
[BlackElo "1907"]
[PlyCount "62"]
[EventDate "2010.09.12"]
[EventType "team-tourn"]
[EventRounds "11"]
[EventCountry "HUN"]
[SourceTitle "EXT 2012"]
[Source "ChessBase"]
[SourceDate "2011.11.24"]
[SourceVersion "1"]
[SourceVersionDate "2011.11.24"]
[SourceQuality "1"]
[WhiteTeam "Dunajvaros"]
[BlackTeam "Pecs Karmin"]
[WhiteTeamCountry "HUN"]
[BlackTeamCountry "HUN"]

1. d4 d5 2. e3 c6 3. f4 g6 4. Nf3 Bg7 5. Bd3 Nf6 6. 0-0 Ne4 7. Nbd2 f5 8. c4 e6 9. b4 0-0 10. a4 a6 11. Ba3 Re8 12. Ne5 Nd7 13. Nxe4 dxe4 14. Bc2 Nxe5 15. dxe5 Qc7 16. Qe2 b6 17. Rfd1 Bb7 18. Rd2 Bf8 19. Bb3 c5 20. b5 Rad8 21. Rad1 Be7 22. Bb2 Rxd2 23. Rxd2 Rd8 24. Qd1 Rxd2 25. Qxd2 Qd8 26. Bc3 Qxd2 27. Bxd2 g5 28. g3 Kg7 29. Bd1 Kg6 30. Be2 h5 31. Bd1 a5 1/2-1/2

[Event "HUN-chT2 Asztalos 1011"]
[Site "Hungary"]
[Date "2010.10.10"]
[Round "3.8"]
[White "Katona, Ferenc Jr"]
[Black "Szunyogh, Istvan"]
[Result "1-0"]
[WhiteElo "1903"]
[BlackElo "1988"]
[PlyCount "89"]
[EventDate "2010.09.12"]
[EventType "team-tourn"]
[EventRounds "11"]
[EventCountry "HUN"]
[SourceTitle "EXT 2012"]
[Source "ChessBase"]
[SourceDate "2011.11.24"]
[SourceVersion "1"]
[SourceVersionDate "2011.11.24"]
[SourceQuality "1"]
[WhiteTeam "Dunajvaros"]
[BlackTeam "Szekesfehervar"]
[WhiteTeamCountry "HUN"]
[BlackTeamCountry "HUN"]

1. d4 Nf6 2. e3 e6 3. f4 c5 4. Nf3 Qb6 5. c3 Nc6 6. Bd3 d5 7. Nbd2 Bd7 8. Ne5 Bd6 9. Qf3 Ne7 10. Qh3 Rc8 11. 0-0 Bb5 12. Qf3 Bxd3 13. Nxd3 cxd4 14. exd4 Nc6 15. Kh1 0-0 16. Ne5 Qc7 17. Qh3 Rce8 18. Ng4 Nxg4 19. Qxg4 f5 20. Qg3 Rf6 21. Nf3 Rg6 22. Qh3 Be7 23. Ne5 Nxe5 24. fxe5 Bg5 25. Qd3 Qe7 26. Bxg5 Qxg5 27. Rf2 a6 28. Raf1 Qh4 29. Rf4 Rg4 30. Rxf5 exf5 31. Qxf5 h6 32. Qf7+ Kh7 33. Qxe8 Rf4 34. Rg1 Qf2 35. Qd7 Re4 36. h3 Rh4 37. Kh2 Re4 38. Qxd5 Re3 39. Qe6 Qg3+ 40. Kh1 h5 41. Rf1 Re2 42. Qf5+ Kg8 43. Qc8+ Kh7 44. Qf5+ Kg8 45. Qf7+ 1-0

[Event "HUN-chT2 Asztalos 0910"]
[Site "Hungary"]
[Date "2010.01.31"]
[Round "5"]
[White "Geroly, Jozsef"]
[Black "Katona, Ferenc Jr"]
[Result "1-0"]
[WhiteElo "1978"]
[BlackElo "1872"]
[PlyCount "107"]
[EventDate "2009.11.08"]
[EventType "team-tourn"]
[EventRounds "11"]
[EventCountry "HUN"]
[SourceTitle "EXT 2011"]
[Source "ChessBase"]
[SourceDate "2010.11.26"]
[SourceVersion "1"]
[SourceVersionDate "2010.11.26"]
[SourceQuality "1"]
[WhiteTeam "Veszprem"]
[BlackTeam "Dunaujvaros"]
[WhiteTeamCountry "HUN"]
[BlackTeamCountry "HUN"]

1. Nf3 d5 2. d3 e6 3. Nbd2 f5 4. e4 Nc6 5. c3 b6 6. Qc2 Bb7 7. Nb3 Bd6 8. Bd2 Nf6 9. exf5 exf5 10. 0-0-0 0-0 11. Bg5 Qd7 12. Bxf6 Rxf6 13. d4 Re8 14. Bd3 Nd8 15. g4 g6 16. gxf5 gxf5 17. Rhg1+ Kh8 18. Ne5 Bxe5 19. dxe5 Rxe5 20. f4 Re8 21. Nd4 Bc8 22. Rg5 Ne6 23. Bb5 Qd6 24. Nxe6 Rexe6 25. Rxf5 Re2 26. Qxe2 Rxf5 27. Qe8+ Rf8 28. Qe5+ Qxe5 29. fxe5 Be6 30. Bc6 Rd8 31. Rd4 Rf8 32. Bxd5 Bxd5 33. Rxd5 Rf2 34. Rd2 Rf1+ 35. Kc2 Re1 36. Rd8+ Kg7 37. Rd7+ Kg6 38. Rxc7 Re2+ 39. Kb3 Rxh2 40. Rxa7 h5 41. Ra6 Re2 42. Rxb6+ Kg5 43. a4 h4 44. Rb8 Rxe5 45. Rg8+ Kf4 46. c4 Rh5 47. Rg1 h3 48. Kb4 Kf3 49. a5 h2 50. Rh1 Kg2 51. Rxh2+ Kxh2 52. a6 Rh7 53. Kb5 Rc7 54. c5 1-0

[Event "HUN-chT2 Asztalos 0809"]
[Site "Hungary"]
[Date "2009.01.25"]
[Round "6"]
[White "Katona, Ferenc Jr"]
[Black "Toth, Daniel"]
[Result "1-0"]
[WhiteElo "1872"]
[BlackElo "2103"]
[PlyCount "91"]
[EventDate "2008.10.26"]
[EventType "team-tourn"]
[EventRounds "11"]
[EventCountry "HUN"]
[SourceTitle "EXT 2010"]
[Source "ChessBase"]
[SourceDate "2010.11.25"]
[SourceVersion "1"]
[SourceVersionDate "2010.11.25"]
[SourceQuality "1"]
[WhiteTeam "Dunaujvaros"]
[BlackTeam "Tamasi Szabadido"]
[WhiteTeamCountry "HUN"]
[BlackTeamCountry "HUN"]

1. d4 d5 2. e3 Nf6 3. f4 Bf5 4. Nf3 a6 5. Bd3 Bxd3 6. Qxd3 Nc6 7. c3 Ne4 8. Nbd2 f5 9. Qe2 b5 10. Nxe4 dxe4 11. Ne5 Nxe5 12. fxe5 e6 13. Bd2 c6 14. a4 Qd5 15. 0-0 Be7 16. Rfc1 Qc4 17. Qd1 Qd5 18. b3 Qd8 19. Qc2 c5 20. Qb2 c4 21. axb5 axb5 22. Rxa8 Qxa8 23. bxc4 bxc4 24. Qb5+ Kf7 25. Qxc4 Rc8 26. Qb3 Qa6 27. c4 g6 28. c5 Qc6 29. Ra1 Rc7 30. Qc4 Qb7 31. Ra6 Rc6 32. Ra5 Qc8 33. Qb5 Rc7 34. Ra6 Rb7 35. Rb6 Rc7 36. Rb8 Qd7 37. Qxd7 Rxd7 38. Ba5 Ra7 39. c6 Rxa5 40. c7 Ra1+ 41. Kf2 Ra2+ 42. Kg3 f4+ 43. exf4 Ra3+ 44. Kf2 Ra2+ 45. Ke3 Ba3 46. c8Q 1-0

[Event "HUN-chT2 Asztalos 0809"]
[Site "Hungary"]
[Date "2008.11.02"]
[Round "2"]
[White "Katona, Ferenc Jr"]
[Black "Dios, Istvan"]
[Result "1-0"]
[WhiteElo "1872"]
[BlackElo "1948"]
[PlyCount "129"]
[EventDate "2008.10.26"]
[EventType "team-tourn"]
[EventRounds "11"]
[EventCountry "HUN"]
[SourceTitle "EXT 2010"]
[Source "ChessBase"]
[SourceDate "2010.11.25"]
[SourceVersion "1"]
[SourceVersionDate "2010.11.25"]
[SourceQuality "1"]
[WhiteTeam "Dunaujvaros"]
[BlackTeam "MAV Elore"]
[WhiteTeamCountry "HUN"]
[BlackTeamCountry "HUN"]

1. d4 d5 2. e3 Bf5 3. Bd3 e6 4. f4 Nf6 5. Nf3 Be7 6. 0-0 0-0 7. Ne5 Nbd7 8. Qe2 c5 9. c3 Qc7 10. Nd2 Rab8 11. g4 Bxd3 12. Nxd3 b5 13. Ne5 b4 14. g5 Ne4 15. Nxe4 dxe4 16. Bd2 a5 17. Rac1 Qb7 18. Rfd1 Nxe5 19. dxe5 b3 20. a3 Rfd8 21. c4 a4 22. Bc3 Rxd1+ 23. Rxd1 Rd8 24. Rxd8+ Bxd8 25. Qd2 Qc7 26. Kf2 Be7 27. Ba5 Qc6 28. Bd8 Kf8 29. Qa5 Ke8 30. Bb6 f6 31. gxf6 gxf6 32. Qb5 Qxb5 33. cxb5 c4 34. Bd4 Bc5 35. Bxc5 c3 36. b6 Kd7 37. b7 Kc7 38. exf6 cxb2 39. f7 b1Q 40. b8Q+ Kxb8 41. f8Q+ Kb7 42. Qe7+ Kc6 43. Qd6+ Kb5 44. Qb6+ Kc4 45. Bd4 Qa2+ 46. Kg3 Qxa3 47. Qa6+ Kd5 48. Qb5+ Kd6 49. Be5+ Ke7 50. Qb7+ Ke8 51. Qc8+ Kf7 52. Qd7+ Qe7 53. Qxa4 Qb7 54. Qa1 Qb6 55. Bd4 Qb7 56. Qd1 Qb5 57. Bb2 Qb4 58. Qd7+ Kf8 59. Qd8+ Kf7 60. Qf6+ Ke8 61. Qxe6+ Kf8 62. Qc8+ Ke7 63. Qc3 Qb6 64. f5 Qh6 65. Qg7+ 1-0

[Event "HUN-chT2 Breyer 0607"]
[Site "Hungary"]
[Date "2006.12.03"]
[Round "3"]
[White "Szanto, Levente"]
[Black "Katona, Ferenc Jr"]
[Result "0-1"]
[WhiteElo "1889"]
[BlackElo "1888"]
[PlyCount "75"]
[EventDate "2006.11.12"]
[EventType "team"]
[EventRounds "11"]
[EventCountry "HUN"]
[SourceTitle "EXT 2008"]
[Source "ChessBase"]
[SourceDate "2007.11.25"]
[SourceVersion "1"]
[SourceVersionDate "2007.11.25"]
[SourceQuality "1"]
[WhiteTeam "Vertesi Eromu"]
[BlackTeam "Kiraly Sakk"]
[WhiteTeamCountry "HUN"]
[BlackTeamCountry "HUN"]

1. e4 d5 2. exd5 Qxd5 3. Nf3 Bf5 4. Nc3 Qa5 5. Bc4 e6 6. 0-0 Nd7 7. a3 c6 8. d3 Bd6 9. Qe2 0-0-0 10. Be3 Bg4 11. h3 h5 12. b4 Qf5 13. Ne4 Bb8 14. Ng3 Qh7 15. b5 Ne5 16. bxc6 Nxc6 17. Bg5 Rd7 18. Bb5 f6 19. Bd2 Nge7 20. Bb4 Nd5 21. Bxc6 bxc6 22. Ne4 Bxh3 23. gxh3 Qg6+ 24. Ng3 h4 25. Qxe6 hxg3 26. Qg4 Qh6 27. fxg3 Qxh3 28. Qxh3 Rxh3 29. Kf2 Bxg3+ 30. Ke2 Rd8 31. Nd4 Re8+ 32. Kd1 Ne3+ 33. Ke2 Nxf1+ 34. Kxf1 Rh1+ 35. Kg2 Rxa1 36. Kxg3 Kd7 37. Nf5 a5 38. Bc5 0-1